Central Library OPAC University of Rajshahi

The student's complete commercial book-keeping : (Record no. 75449)

MARC details
000 -LEADER
fixed length control field 00936nam a22002532i 4500
001 - CONTROL NUMBER
control field 75449
003 - CONTROL NUMBER IDENTIFIER
rucl marc code BD-RjUL
005 - DATE AND TIME OF LATEST TRANSACTION
control field 20211209082706.0
008 - FIXED-LENGTH DATA ELEMENTS--GENERAL INFORMATION
fixed length control field 190411s1953 enk 000 0 eng d
035 ## - SYSTEM CONTROL NUMBER
System control number (BD-RjUL)75667
040 ## - CATALOGING SOURCE
Original cataloging agency UKM
Transcribing agency UKM
Modifying agency EQO
-- BD-RjUL
Language of cataloging eng
041 ## - LANGUAGE CODE
Language code of text/sound track or separate title eng
082 ## - DEWEY DECIMAL CLASSIFICATION NUMBER
Edition number 23
Classification number 657.2
Author mark and year FIS 1953
100 1# - MAIN ENTRY--PERSONAL NAME
Personal name Fieldhouse, Arthur,
Dates associated with a name 1864-1956.
9 (RLIN) 229838
245 14 - TITLE STATEMENT
Title The student's complete commercial book-keeping :
Remainder of title accounting and banking, comprising the principles and practice of double entry as applied to modern business, and including a course of training for all public and professional examinations /
Statement of responsibility, etc. Arthur Fieldhouse
250 ## - EDITION STATEMENT
Edition statement 60th ed
260 ## - PUBLICATION, DISTRIBUTION, ETC. (IMPRINT)
Place of publication, distribution, etc. London :
Name of publisher, distributor, etc. Fieldhouse; Distributed by Simpkin Marshall,
Date of publication, distribution, etc. 1953
300 ## - PHYSICAL DESCRIPTION
Pagination 975 p. ;
Size 19 cm.
650 ## - SUBJECT ADDED ENTRY--TOPICAL TERM
Topical term or geographic name as entry element Bookkeeping
9 (RLIN) 230352
Topical term or geographic name as entry element Accounting
9 (RLIN) 230353
700 1# - ADDED ENTRY--PERSONAL NAME
Personal name Fieldhouse, E. E.
942 ## - ADDED ENTRY ELEMENTS (KOHA)
Source of classification or shelving scheme Dewey Decimal Classification
Koha item type Books
Holdings
Lost status Source of classification or shelving scheme Damaged status Not for loan Collection code Permanent Location Current Location Shelving location Date acquired Source of acquisition Cost, normal purchase price Total Checkouts Full call number Date last seen Copy number Koha item type
  Dewey Decimal Classification   Not For Loan Non-fiction Central Library, University of Rajshahi Central Library, University of Rajshahi Reading Room 18/05/1957 United Pub. Ltd. 10.30   657.2 FIS 1953 10/04/2019 C-1 Books